| 000 | 00719nam a2200193 i 4500 | ||
|---|---|---|---|
| 001 | 165742 | ||
| 003 | ES-MaACL | ||
| 005 | 20250901032931.0 | ||
| 008 | 050905s1883 tu b | |||||||| ||fre d | ||
| 040 |
_aCAM _bspa _cCAM |
||
| 100 | 1 |
_aStékoulis, C. _9132939 |
|
| 245 | 1 | 3 |
_aLe pèlerinage de la Mecque et le choléra au Hedjaz _b: avec une carte / _cpar C. Stékoulis. |
| 260 |
_aConstantinople : _b[s.n.], _c1883 ( _fImprimerie de Castro) |
||
| 300 |
_a49 p., [1] h. de map. pleg. ; _c26 cm. |
||
| 650 | 4 |
_aPeregrinaciones- _zLa Meca. _9136678 |
|
| 650 | 7 |
_aCólera _2embne _911143 |
|
| 852 |
_aES-MaACL _jT-390-F-9 _z-- Enc. hol., falto de la enc. original _z-- Enc. en un vol. facticio |
||
| 999 |
_c165742 _d165742 |
||